"Tallest" Countries - Statistics

General Stats
  • This quiz has been taken 27 times
  • The average score is 19 of 25
Answer Stats
Average Height (cm) Country % Correct
172.71cm Sweden
92%
172.87cm Germany
88%
175.62cm Netherlands
88%
172.65cm Norway
88%
173.59cm Belgium
85%
172.31cm France
85%
173.21cm Iceland
85%
172.82cm Lithuania
85%
172.74cm Finland
81%
172.02cm Ireland
81%
173.47cm Slovakia
81%
172.39cm Belarus
77%
173.20cm Croatia
77%
174.29cm Denmark
77%
175.61cm Latvia
77%
174.13cm Serbia
77%
172.92cm Slovenia
77%
173.35cm Bosnia and Herzegovina
73%
174.28cm Czech Republic
73%
175.13cm Estonia
73%
172.39cm Ukraine
69%
172.53cm Australia
65%
171.56cm Montenegro
65%
171.34cm New Zealand
65%
171.52cm Bulgaria
62%
No matching quizzes found
Score Distribution
Percent of People with Each Score
Percentile by Number Answered
Your Score History
You have not taken this quiz